000 01183njm a22002897a 4500
005 20100901103420.0
007 sd ammalaaahaa
008 100901t xxu||||| |||| 00| 0 hin d
028 _aFT. 17620
_bGramophone Co.
028 _aOJW. 3072
_bGramophone Co.
028 _aOJW. 3076
_bGramophone Co.
035 _aGR-177
040 _aSED/VEN
100 _aSuraiya
_917829
245 _aMirza ghalib :
_bHindustani /
_cby Suraiya & Talat Mahmood ; music by Ghulam Mohamed ; lyric by Ghalib
_h[sound recording]
246 _aमिर्ज़ा ग़ालिब (सुरैया)
260 _aDum Dum India
_bGramophone Co.
300 _a1 sound disic [gramophone record] :
_banalog, 33 1/3 rpm.
_c10 in.
500 _aBrief Record
505 _aDile nadan tujhe huya kya (Mirza Ghalib) दिले नादाँ तुझे हुआ क्या ,vahshat hi sahi (Mirza Ghalib ) वहशत ही सही
650 _aClassical music
_xExcerpts
_zIndia
_917830
700 _aTalat Mahmood
_917831
700 _aGhulam Mohamed
_917832
700 _aGhalib
_917833
942 _2ddc
_cGR
999 _c43294
_d43294